00261nam a2200109Ia 4500008004100000100002500041245002300066260002400089260000900113546001200122999001700134170619s9999 xx 000 0 und d aSaravana Mittoo- HIH 0aGas Turbine Theory bSingapoore: Pearson c2001 aENGLISH c16997d16997